| 000 -LEADER |
| fixed length control field |
01190cam a22003254a 4500 |
| 001 - CONTROL NUMBER |
| control field |
200256 |
| 005 - DATE AND TIME OF LATEST TRANSACTION |
| control field |
20230104162323.0 |
| 008 - FIXED-LENGTH DATA ELEMENTS--GENERAL INFORMATION |
| fixed length control field |
990716s2000 flua b 001 0 eng |
| 035 ## - SYSTEM CONTROL NUMBER |
| System control number |
(DLC) 99039814 |
| 010 ## - LIBRARY OF CONGRESS CONTROL NUMBER |
| LC control number |
99039814 |
| 020 ## - INTERNATIONAL STANDARD BOOK NUMBER |
| International Standard Book Number |
0849322774 (alk. paper) |
| 040 ## - CATALOGING SOURCE |
| Original cataloging agency |
DLC |
| Transcribing agency |
DLC |
| Modifying agency |
DLC |
| 042 ## - AUTHENTICATION CODE |
| Authentication code |
pcc |
| 050 00 - LIBRARY OF CONGRESS CALL NUMBER |
| Classification number |
TA442.5 |
| Item number |
.K48 2000 |
| 082 00 - DEWEY DECIMAL CLASSIFICATION NUMBER |
| Classification number |
620.1/36 |
| Edition number |
21 |
| 100 1# - MAIN ENTRY--PERSONAL NAME |
| Personal name |
Kett, Irving. |
| 245 10 - TITLE STATEMENT |
| Title |
Engineered concrete : |
| Remainder of title |
mix design and test methods / |
| Statement of responsibility, etc. |
Irving Kett. |
| 260 ## - PUBLICATION, DISTRIBUTION, ETC. |
| Place of publication, distribution, etc. |
Boca Raton, FL : |
| Name of publisher, distributor, etc. |
CRC Press, |
| Date of publication, distribution, etc. |
c2000. |
| 300 ## - PHYSICAL DESCRIPTION |
| Extent |
x, 170 p. : |
| Other physical details |
ill. ; |
| Dimensions |
28 cm. |
| 440 #0 - SERIES STATEMENT/ADDED ENTRY--TITLE |
| Title |
Concrete technology series |
| 504 ## - BIBLIOGRAPHY, ETC. NOTE |
| Bibliography, etc. note |
Includes bibliographical references. |
| 650 #0 - SUBJECT ADDED ENTRY--TOPICAL TERM |
| Topical term or geographic name entry element |
Concrete. |
| 650 #0 - SUBJECT ADDED ENTRY--TOPICAL TERM |
| Topical term or geographic name entry element |
Portland cement. |
| 650 #0 - SUBJECT ADDED ENTRY--TOPICAL TERM |
| Topical term or geographic name entry element |
Concrete |
| General subdivision |
Testing. |
| 856 42 - ELECTRONIC LOCATION AND ACCESS |
| Materials specified |
Publisher description |
| Uniform Resource Identifier |
<a href="http://www.loc.gov/catdir/enhancements/fy0646/99039814-d.html">http://www.loc.gov/catdir/enhancements/fy0646/99039814-d.html</a> |
| 906 ## - LOCAL DATA ELEMENT F, LDF (RLIN) |
| a |
7 |
| b |
cbc |
| c |
orignew |
| d |
1 |
| e |
ocip |
| f |
19 |
| g |
y-gencatlg |
| 925 0# - |
| -- |
acquire |
| -- |
1 shelf copy |
| -- |
policy default |
| 985 ## - |
| -- |
GAP |